000 00868nmm a2200253 a 4500
001 ocm000700886
003 TR-IsHL
005 20201028135447.0
008 131209s2001 tu tur
007 cr cn
035 _a700886
_b(N$T)
050 0 4 _aHD7287.96.T9
_bI88 2001
090 0 4 _aHD7287.96.T9
_bI88 2001
245 1 0 _aİstanbul'da kaçak yapılaşmanın nedenleri
_h[electronic resource] /
_cİstanbul Ticaret Odası
260 _aİstanbul :
_bİstanbul Ticaret Odası,
_c2001
300 _a464 p.
650 4 _aGenel Çalışmalar
650 4 _aGeneral Works
650 0 _aKaçak yapılaşma
650 0 _aIllegal construction
650 7 _aTECHNOLOGY & ENGINEERING / Construction / General
_2bisacsh
700 1 _aİstanbul Ticaret Odası
856 4 0 _uhttp://search.ebscohost.com/login.aspx?direct=true&scope=site&db=e011xww&AN=700886
999 _c6752
_d6752